Football (Soccer) Trivia - Statistics

General Stats
  • This quiz has been taken 1,300 times
  • The average score is 14 of 39
Answer Stats
Hint Answer % Correct
Before 2005, how many league titles did Chelsea have? 1
76%
This man is the all time La Liga topscorer and an FC Barcelona legend, while also being the first to win 4 Ballon D'ors. Lionel Messi
74%
If Mioslav Klose scores two more goals in the World Cup, he would beat this man's record of the all time tops scorer of the World Cup. Ronaldo Nazario
73%
In one of the greatest shocks of all time, this nation defeated hosts Portugal in the final of Euro 2004, even though Portugal were the heavy favorites. Greece
59%
Cristiano Ronaldo, Zlatan Ibrahimovic, Thiago Silva, Thibaut Courtois, David Luiz, Andrea Pirlo, Gonzalo Higuain, Ronaldinho, Didier Drogba, Eden Hazard, Mario Goetze, and Franck Ribery are all sponsored by what sports apparel company? Nike
58%
Name the only team to have never been relegated from Serie A (Italy). Inter Milan
57%
This man became the only Frenchman to score in both the FIFA World Cup Final and the UEFA Champions League Final after scoring a beautiful left-footed volley against Bayer Leverkusen. Zinedine Zidane
52%
Which man became the youngest ever person to collect his World Cup medal in 1958? Pele
51%
This Serie A team was involved in the Calciopoli scandal, which saw them relegated to Serie B and saw them have a huge exodus of players, Juventus
49%
Name the only team to have never been relegated from top-flight football in England. Arsenal
47%
Name the first ever winner of the European Cup. Real Madrid
43%
Before the 2010 World Cup, in which World Cup year did the final have two teams to have never won the World Cup? 1978
41%
Which man led Napoli to win 2 Serie A titles and one UEFA CUp in the early 90s Diego Maradona
40%
This is the match between the recent winners of the UEFA Champions League and the UEFA Europa League. UEFA Super Cup
40%
This man scored the final Liverpool goal in the famous "Miracle of Istanbul" comeback of 2005. Xabi Alonso
37%
Which team became the first, and till this day the only, Slavic team to win the European Cup? Red Star Belgrade
36%
Which team beat Brazil in the jam-packed Rio de Maracana stadium in Rio de Janeiro to win the 1950 World Cup? Uruguay
36%
Which Manchester United legend led his team to win La Decima, while also becoming the man with the most goals in one UEFA Champions League season? Cristiano Ronaldo
35%
This team is the only French team to win the European Cup. Olympique de Marseille
35%
The Ruhr Derby is between Schalke 04 and this 1997 UEFA Champions League winner. Borussia Dortmund
34%
The Superclasico is between CA Boca Juniors and this other Buenos Aires team. River Plate
33%
In which year was the first Champions League final with two teams from the same city occur? 2014
32%
A couple of new records were broken at the recent World Cup. At the 2010 edition, which man became the youngest ever person to win the Golden Boot award. Thomas Muller
31%
Name this English club, who is till this day, is the only English club to win back to back European Cups. Nottingham Forest
29%
Which team is the only debutant in the 2014 World Cup in Brazil? Bosnia and Herzegovina
28%
This Real Madrid legend was controversially traded to Gelsenkirchen's most elite club, and even at an old age, he led them to the semifinals of the UEFA Champions League, the club's best ever finish. Name the person. Raul
27%
Name the Brazilian Serie A team that shocked Chelsea in the FIFA Club World Cup Finals to become World Champions for a second time. Corinthians
24%
Name the first team to win a Euro tournament. Soviet Union
24%
Which nation had shockingly eliminated defending World champions West Germany in the quarterfinals of the 1994 World Cup? Bulgaria
21%
Which Italian goalkeeper is the oldest ever to win the World Cup? Dino Zoff
21%
Which Tottenham Hotspurs legend left the club for Toronto FC? This man also scored the goal against Slovenia which sent England to the Round of 16 at the 2010 World Cup. Jermain Defoe
20%
Name the club mentioned above.^ Schalke 04
19%
This Chilean team was South America's representative to the 1991 Intercontinental Cup and sounds like a popular soda company. Colo-Colo
16%
The Estadio Azteca belongs to which popular Mexico City team. Club America
14%
Name the only nation to have faced Brazil and have never lost to them. (Hint: they also have a 100% record against Argentina) Norway
13%
Name the then FC Barcelona player who scored the gamewinner against Arsenal in the 2006 UEFA Champions league final. Juliano Belleti
12%
The silver goal rule was only used in one tournament. What tournament was this? UEFA Euro 2004
12%
This man has scored the most goals for Argentina in the World Cup final. Mario Kempes
8%
Before the Arsenal Invincibles, this team was the only other to go undefeated in top-flight football in the English league. Preston North End
7%
No matching quizzes found
Score Distribution
Percent of People with Each Score
Percentile by Number Answered
Your Score History
You have not taken this quiz